000 01258nam a22003257a 4500
003 CHAP
005 20220329143137.0
008 060728d2006 mx r 00110 spa d
010 _a92490
011 _a93462
020 _a9702708958
035 _a104036
040 _cCHAP
082 0 4 _a371.01
_bR4 2005
111 2 _aReunión Nacional de Abogados Generales de Instituciones Públicas de Educación Superior
_n(18 :
_d2005 :
_cHuatulco, Oaxaca)
_996425
245 1 0 _aMemoria
_c/por Asociación Nacional de Abogados de Instituciones Públicas de Educación Superior, A. C.
260 _aGuadalajara, Jal. :
_bUniversidad de Guadalajara,
_c2006.
300 _a153 p.
590 _aBATCH-UPD
_b10
_c20130110
_lUCH01
_h0315
590 _aBATCH-UPD
_b10
_c20130409
_lUCH01
_h2348
590 _aBATCH-UPD
_b10
_c20130914
_lUCH01
_h1246
590 _aCONVERSION
_b10
_c20130109
_lUCH01
_h1351
650 1 4 _aEducación pública
_935585
650 1 4 _aEducación superior
_xOaxaca.
_935648
710 2 _aAsociación Nacional de Abogados Generales de Instituciones Públicas de Educación Superior, A. C. Guadalajara, Jal.
_98077
901 _aBK
905 _aLilia
942 _cLIBRO
949 _a371.01 R4 2005
_bBC
_cLIBRO
_d33724000990453
_eLIBRO
_h108082
_i104036
_sb
999 _c92490
_d92490